[Event "It (Open) Zadar CRO"]
[Site "?"]
[Date "2005.12.15"]
[Round "6"]
[White "Mestrovic Zvonimir"]
[Black "Martinovic Sasa"]
[Result "1/2-1/2"]
[WhiteElo "2373"]
[BlackElo "2182"]
[PlyCount "86"]
[EventDate "2005.??.??"]
[Source "www.chesslib.no"]
[SourceDate "2004.05.04"]

1. e4 e6 2. e5 d6 3. exd6 Bxd6 4. Qg4 Nf6 5. Qa4+ Bd7 6. Qb3 Bc6 7. Nf3 Nbd7 8. Bb5 Bd5 9. c4 Bxf3 10. Qxf3 c6 11. Ba4 Ne5 12. Qe2 Bc7 13. Bc2 Qd4 14. Na3 O-O-O 15. Rb1 Rd7 16. b4 Rhd8 17. Rb3 a5 18. b5 a4 19. Re3 Neg4 20. bxc6 bxc6 21. Rc3 Ba5 22. Rd3 Qa1 23. O-O Rxd3 24. Bxd3 Qd4 25. Bc2 Nxh2 26. Rd1 Bb6 27. c5 Bxc5 28. Nc4 Qh4 29. d4 Rxd4 30. Ne5 Kb7 31. Be3 Nhg4 32. Nf3 Rxd1+ 33. Bxd1 Qh5 34. Qb2+ Kc8 35. Be2 Bxe3 36. Ba6+ Kc7 37. fxe3 Qh6 38. Qb7+ Kd6 39. Qb8+ Kc5 40. Qa7+ Kd6 41. Qb8+ Ke7 42. Qb4+ Kd7 43. Qb7+ Kd6 1/2-1/2

[Event "POL-chT2"]
[Site "?"]
[Date "1998.??.??"]
[Round "?"]
[White "Jurkiewicz Krzysztof2"]
[Black "Zielinska Marta"]
[Result "1-0"]
[WhiteElo "2185"]
[BlackElo "2365"]
[PlyCount "63"]
[EventDate "1998.??.??"]
[Source "www.chesslib.no"]
[SourceDate "2004.05.04"]

1. e4 e6 2. e5 d5 3. exd6 cxd6 4. d4 Nf6 5. Nf3 g6 6. Bd3 Bg7 7. O-O O-O 8. c4 b6 9. Nbd2 Bb7 10. Re1 Qc7 11. b3 Nbd7 12. Ba3 Rfd8 13. Rc1 Rac8 14. Qe2 Qb8 15. Ng5 Nf8 16. Ngf3 Qa8 17. Bb2 Bh6 18. Rc3 Nh5 19. Bb1 Nf4 20. Qd1 d5 21. c5 bxc5 22. Rxc5 Nd7 23. Rxc8 Rxc8 24. Nf1 Ba6 25. Ne3 Qb7 26. g3 Nh5 27. Ng4 Bg7 28. Qd2 Nb6 29. Nh6+ Kh8 30. Ne5 Rc7 31. Qg5 Nf6 32. Neg4 1-0

[Event "Buenos Aires ARG"]
[Site "?"]
[Date "2006.03.29"]
[Round "9.21"]
[White "Bronstein Luis"]
[Black "Menon Daniel"]
[Result "1/2-1/2"]
[WhiteElo "2366"]
[BlackElo "2167"]
[PlyCount "21"]
[EventDate "2006.??.??"]
[Source "www.chesslib.no"]
[SourceDate "2004.05.04"]

1. e4 e6 2. e5 d5 3. exd6 cxd6 4. d4 Nf6 5. Nf3 Bd7 6. c4 d5 7. Nc3 dxc4 8. Bxc4 Bc6 9. O-O Nbd7 10. d5 exd5 11. Nxd5 1/2-1/2

[Event "BCF-ch 86th"]
[Site "Scarborough"]
[Date "1999.08.06"]
[Round "6"]
[White "Pert, Richard G"]
[Black "Buckley, Simon T"]
[Result "1-0"]
[WhiteElo "2308"]
[BlackElo "2216"]
[PlyCount "93"]
[EventDate "1999.08.05"]
[Source "ChessBase"]
[SourceDate "1999.09.14"]

1. e4 e6 2. e5 d6 3. exd6 Bxd6 4. d4 Nd7 5. Nf3 Ngf6 6. Bc4 O-O 7. O-O c6 8. Re1 Qc7 9. Qe2 Re8 10. Bg5 b5 11. Bb3 a5 12. c3 c5 13. Na3 Ba6 14. Nxb5 Qc6 15. a4 cxd4 16. Nfxd4 Qb6 17. Be3 Qb8 18. h3 Bc5 19. Rad1 Bb7 20. Nf3 Ba6 21. c4 e5 22. Bc2 e4 23. Nd2 Bb7 24. Nb1 Qe5 25. N1c3 Ra6 26. Qd2 Bxe3 27. Qxe3 Nc5 28. f4 Qe7 29. Nd5 Nxd5 30. cxd5 Rg6 31. d6 Qh4 32. Kh2 Nd7 33. g3 Qh5 34. Rc1 Nf6 35. Bd1 Qf5 36. Rc5 Nd5 37. Qe2 Qf6 38. Rxd5 Bxd5 39. Nc7 Rd8 40. Nxd5 Qd4 41. Ne7+ Kh8 42. Nxg6+ hxg6 43. b3 f5 44. Qe3 Qxd6 45. Be2 Re8 46. Rd1 Qb4 47. Bc4 1-0

[Event "Wch U20 Girls"]
[Site "Yerevan"]
[Date "2000.09.29"]
[Round "10"]
[White "Sorokina, Anastasia"]
[Black "Mkrtchian, Lilit"]
[Result "0-1"]
[WhiteElo "2189"]
[BlackElo "2312"]
[PlyCount "64"]
[EventDate "2000.09.02"]
[Source "ChessBase"]
[SourceDate "2000.11.10"]

1. e4 e6 2. e5 d6 3. exd6 Bxd6 4. d4 Nf6 5. Nf3 b6 6. Bb5+ c6 7. Bd3 Bb7 8. Bg5 Nbd7 9. Nbd2 O-O 10. c3 c5 11. O-O cxd4 12. Nxd4 Qc7 13. N2f3 a6 14. Bc2 Rfe8 15. h3 g6 16. Bb3 e5 17. Nc2 e4 18. Nfd4 Qc5 19. h4 Qe5 20. g3 Nh5 21. Ne3 Bf8 22. Ng4 Qc7 23. Ne3 h6 24. Nef5 hxg5 25. Bxf7+ Kxf7 26. Qb3+ Kf6 27. Qg8 Ne5 28. Ne3 Qf7 29. hxg5+ Kxg5 30. Qh8 Bg7 31. Qh7 Rh8 32. f4+ exf3 0-1

[Event "SWE-chT 0001"]
[Site "?"]
[Date "2000.??.??"]
[Round "2"]
[White "Ikonic Borislav"]
[Black "Nordstrom Felix"]
[Result "0-1"]
[WhiteElo "2295"]
[BlackElo "2191"]
[PlyCount "56"]
[EventDate "2000.??.??"]
[Source "www.chesslib.no"]
[SourceDate "2004.05.04"]

1. e4 e6 2. e5 d6 3. exd6 Bxd6 4. d4 Nf6 5. Nf3 b6 6. Bb5+ c6 7. Bd3 Bb7 8. Nc3 O-O 9. Bg5 Nbd7 10. Qe2 c5 11. Ne4 Be7 12. Bxf6 Bxf6 13. dxc5 Bxb2 14. Rb1 Bf6 15. O-O Qc7 16. Nfg5 Bxg5 17. Nxg5 h6 18. cxb6 axb6 19. Nh3 Rxa2 20. Rb4 Ne5 21. Qe3 Nxd3 22. cxd3 Rd8 23. Rg4 Kh8 24. Nf4 Ra5 25. Qg3 Qe5 26. d4 Qf6 27. d5 Ra1 28. Qd3 Ba6 0-1

[Event "BCF-ch 86th"]
[Site "Scarborough"]
[Date "1999.08.10"]
[Round "9"]
[White "Hunt, Adam"]
[Black "Hanley, Craig"]
[Result "1/2-1/2"]
[WhiteElo "2288"]
[BlackElo "2178"]
[PlyCount "82"]
[EventDate "1999.08.05"]
[Source "ChessBase"]
[SourceDate "1999.09.14"]

1. e4 e6 2. e5 c5 3. Nf3 Nc6 4. Bb5 Nd4 5. Nxd4 cxd4 6. O-O a6 7. Bc4 Qc7 8. Qe2 Ne7 9. d3 b5 10. Bb3 Bb7 11. Nd2 h5 12. f4 Nf5 13. Ne4 h4 14. Bd2 Be7 15. a4 b4 16. a5 Rb8 17. Ba4 Bc6 18. Bb3 Qb7 19. Rf3 Bd5 20. Bc4 Rh6 21. b3 Rg6 22. Bxd5 Qxd5 23. Qe1 Qc6 24. Ra2 f6 25. Kf1 Rb5 26. exf6 gxf6 27. Rh3 d5 28. Nf2 Kd7 29. Nh1 Qc7 30. g3 Rxa5 31. Rxa5 Qxa5 32. gxh4 Rh6 33. h5 Qc7 34. Ng3 Qxc2 35. Nxf5 exf5 36. Bxb4 Bxb4 37. Qxb4 Qc1+ 38. Kg2 Qc2+ 39. Kf1 Qc1+ 40. Kg2 Qc2+ 41. Kf1 Qc1+ 1/2-1/2

[Event "Batalha dos Mestres 3rd"]
[Site "?"]
[Date "2002.10.18"]
[Round "6.3"]
[White "Ulyanovsky Viktor"]
[Black "Luyks Marinus"]
[Result "1/2-1/2"]
[WhiteElo "2221"]
[BlackElo "2184"]
[PlyCount "129"]
[EventDate "2002.??.??"]
[Source "www.chesslib.no"]
[SourceDate "2004.05.04"]

1. e4 e6 2. e5 d5 3. exd6 Bxd6 4. d4 Nf6 5. Nf3 O-O 6. Bg5 Be7 7. Be2 c5 8. O-O cxd4 9. Nxd4 Qb6 10. Nb3 Rd8 11. Qc1 Nc6 12. Nc3 e5 13. Bf3 Be6 14. Kh1 Rac8 15. Na4 Qc7 16. Nac5 Bf5 17. c3 e4 18. Bxf6 exf3 19. Qg5 fxg2+ 20. Kxg2 Bxf6 21. Qxf5 Ne5 22. Ne4 Be7 23. Nd4 Ng6 24. Kh1 Nh4 25. Qg4 Qd7 26. Qxd7 Rxd7 27. Rae1 f5 28. Nd2 Bf6 29. N2b3 Kf7 30. Re3 Re8 31. Rfe1 Rxe3 32. Rxe3 Bg5 33. Re2 Bf6 34. Kg1 Rd5 35. Rd2 b5 36. a3 a5 37. Kf1 a4 38. Nc6 Rxd2 39. Nxd2 Bg5 40. Ke2 Bxd2 41. Kxd2 Nf3+ 42. Ke2 Nxh2 43. Nd4 Kf6 44. Nxb5 g5 45. c4 Ke5 46. c5 Kd5 47. Nc3+ Kxc5 48. Nxa4+ Kc6 49. b4 h5 50. Nc5 g4 51. Ne6 Nf3 52. Ng7 Nd4+ 53. Kd3 h4 54. Nh5 g3 55. fxg3 h3 56. g4 h2 57. Ng3 f4 58. Nh1 Kd5 59. g5 Nf3 60. g6 Ne5+ 61. Ke2 Nxg6 62. Kf3 Ne5+ 63. Kxf4 Nd3+ 64. Kg3 Nxb4 65. axb4 1/2-1/2

[Event "Hillerod op"]
[Site "Hillerod"]
[Date "1980.??.??"]
[Round "?"]
[White "Jensen, G."]
[Black "Petersen, Tom Petri"]
[Result "0-1"]
[WhiteElo "2200"]
[BlackElo "2200"]
[PlyCount "104"]
[EventDate "1980.??.??"]
[Source "ChessBase"]

1. e4 e6 2. e5 d6 3. f4 Nc6 4. d4 dxe5 5. dxe5 Qxd1+ 6. Kxd1 f6 7. Nf3 fxe5 8. fxe5 Bc5 9. Bf4 Nge7 10. Bb5 Bd7 11. Re1 O-O-O 12. Ke2 Nd4+ 13. Nxd4 Bxd4 14. Bxd7+ Rxd7 15. c3 Bc5 16. Nd2 Rf8 17. g3 g5 18. Ne4 gxf4 19. Nxc5 Rd5 20. Nd3 f3+ 21. Kd2 f2 22. Rf1 Rfd8 23. Rxf2 Rxd3+ 24. Kc2 Nf5 25. Kb3 Re3 26. g4 Nd4+ 27. Ka4 Nc6 28. Rf7 Rxe5 29. Rxh7 b5+ 30. Kb3 Re4 31. Rg1 Re2 32. a3 Rdd2 33. Rh8+ Kb7 34. Rb1 Rxh2 35. Rxh2 Rxh2 36. Rg1 Rh7 37. a4 bxa4+ 38. Kxa4 Rg7 39. b4 Ne5 40. Re1 Nxg4 41. Rxe6 Nf2 42. Ka5 Rg5+ 43. b5 Nd3 44. c4 Rc5 45. Re3 Nb2 46. Rc3 Rxc4 47. Rxc4 Nxc4+ 48. Kb4 Nd6 49. Kc5 Nxb5 50. Kxb5 c6+ 51. Ka5 a6 52. Kb4 Kb6 0-1

[Event "Pologne (championnat clubs ligue 2)"]
[Site "?"]
[Date "2004.09.06"]
[Round "4.22"]
[White "Kukula Pawel"]
[Black "Olszewski Marek"]
[Result "1/2-1/2"]
[WhiteElo "2192"]
[BlackElo "2197"]
[PlyCount "42"]
[EventDate "2004.??.??"]
[Source "www.chesslib.no"]
[SourceDate "2004.05.04"]

1. e4 e6 2. e5 d5 3. exd6 cxd6 4. d4 Nf6 5. Nf3 Be7 6. Bd3 Nbd7 7. O-O b6 8. c4 Bb7 9. Re1 O-O 10. Nbd2 Re8 11. b3 Qc7 12. Bb2 Rad8 13. Rc1 Bf8 14. Qe2 h6 15. b4 Qb8 16. Bc2 g6 17. Bb3 Bg7 18. c5 Rc8 19. cxb6 Nxb6 20. Rxc8 Rxc8 21. a4 Bd5 1/2-1/2

[Event "Open A"]
[Site "?"]
[Date "2005.07.26"]
[Round "5"]
[White "Kaplan Daniel"]
[Black "Pick Stepan"]
[Result "0-1"]
[WhiteElo "2103"]
[BlackElo "2240"]
[PlyCount "70"]
[EventDate "2005.??.??"]
[Source "www.chesslib.no"]
[SourceDate "2004.05.04"]

1. e4 e6 2. e5 d6 3. exd6 cxd6 4. d4 Nf6 5. Nf3 Be7 6. Bd3 b6 7. O-O Bb7 8. Nbd2 O-O 9. c4 Nc6 10. b3 Re8 11. Bb2 d5 12. Rc1 Rc8 13. Re1 Bf8 14. Ne5 dxc4 15. Nxc6 Rxc6 16. bxc4 Rc7 17. Ne4 Nxe4 18. Bxe4 Bxe4 19. Rxe4 Qc8 20. Qa4 b5 21. Qb3 bxc4 22. Qc3 Qb7 23. Rg4 f5 24. Rh4 Be7 25. Rh5 Bf6 26. Ba1 h6 27. Qg3 Kh7 28. Rh3 Rec8 29. Qe3 Qd5 30. Bc3 Rd7 31. Qe2 Bxd4 32. Bxd4 Qxd4 33. Qxe6 Qd1+ 34. Qe1 Qxe1+ 35. Rxe1 c3 0-1

[Event "Hamburg"]
[Site "?"]
[Date "1999.??.??"]
[Round "2"]
[White "Hunt Adam"]
[Black "Zimmermann Julian"]
[Result "1/2-1/2"]
[WhiteElo "2285"]
[BlackElo "2045"]
[PlyCount "66"]
[EventDate "1999.??.??"]
[Source "www.chesslib.no"]
[SourceDate "2004.05.04"]

1. e4 e6 2. e5 d6 3. exd6 Bxd6 4. d4 Nf6 5. Nf3 O-O 6. Bc4 c5 7. Nc3 Nc6 8. Bg5 cxd4 9. Nxd4 Ne5 10. Be2 Bb4 11. O-O Bxc3 12. bxc3 h6 13. Bh4 Ng6 14. Bg3 Ne4 15. Nb5 Qa5 16. Bc7 b6 17. Qd4 Bb7 18. f3 e5 19. Qe3 Nf6 20. c4 Ne8 21. Bd6 Nxd6 22. Nxd6 Bc6 23. Nf5 Rad8 24. Bd3 Rfe8 25. g3 Ne7 26. Nh4 Nc8 27. Nf5 Bd7 28. Nxh6+ gxh6 29. Qxh6 Qc5+ 30. Kh1 f5 31. Qg6+ Kh8 32. Qh6+ Kg8 33. Qg6+ Kh8 1/2-1/2

[Event "Czech Republic"]
[Site "?"]
[Date "2002.??.??"]
[Round "1"]
[White "Hlavsa Petr"]
[Black "Budka Jan"]
[Result "1-0"]
[WhiteElo "2136"]
[BlackElo "2182"]
[PlyCount "189"]
[EventDate "2002.??.??"]
[Source "www.chesslib.no"]
[SourceDate "2004.05.04"]

1. e4 e6 2. e5 d6 3. exd6 Bxd6 4. d4 Nf6 5. Nf3 O-O 6. Be2 c5 7. dxc5 Bxc5 8. Qxd8 Rxd8 9. Bg5 Nc6 10. Nbd2 e5 11. Nb3 Bb6 12. O-O Bg4 13. h3 Bh5 14. Rfe1 Bg6 15. c3 h6 16. Bh4 e4 17. Nfd2 Ne5 18. Nc4 Nxc4 19. Bxc4 Rac8 20. Bf1 Bh7 21. c4 g5 22. Bg3 Nh5 23. Be5 Nf4 24. Rad1 Nd3 25. Bxd3 exd3 26. Bf6 Re8 27. c5 Bc7 28. Bc3 Rcd8 29. Nd2 Re6 30. Rxe6 fxe6 31. Nc4 Rd5 32. b4 e5 33. Ne3 Rd8 34. Ng4 h5 35. Nf6+ Kg7 36. Nxh5+ Kg6 37. Ng3 Kf6 38. f3 Ke6 39. Ne4 Bxe4 40. fxe4 b6 41. Kf2 a5 42. Ke3 axb4 43. Bxb4 Rd4 44. a3 bxc5 45. Bxc5 Rc4 46. Bb4 Bb8 47. Rxd3 Ba7+ 48. Kf3 Bd4 49. Bd2 Kf6 50. Rb3 Rc2 51. Be3 Bxe3 52. Rxe3 Ra2 53. g3 Ra1 54. Rb3 Ra2 55. Rb6+ Kf7 56. Ra6 Rd2 57. Kg4 Rd3 58. a4 Re3 59. a5 Rxe4+ 60. Kxg5 Re1 61. h4 e4 62. Rf6+ Kg8 63. a6 e3 64. Re6 Kf7 65. Re4 e2 66. a7 Ra1 67. Rxe2 Ra5+ 68. Kf4 Ra4+ 69. Re4 Rxa7 70. Kf5 Ra5+ 71. Re5 Ra1 72. Kg5 Rg1 73. g4 Kg7 74. Ra5 Rb1 75. h5 Rc1 76. Ra7+ Kg8 77. Ra6 Kg7 78. Rf6 Ra1 79. h6+ Kh7 80. Rf7+ Kg8 81. Kg6 Ra6+ 82. Rf6 Ra8 83. g5 Rb8 84. Ra6 Rc8 85. Kh5 Rc5 86. Rd6 Ra5 87. Kg4 Ra1 88. g6 Rg1+ 89. Kf3 Rf1+ 90. Ke2 Rf8 91. Rd7 Ra8 92. Kd3 Rc8 93. Kd4 Ra8 94. Kc5 Rb8 95. Kc6 1-0

[Event "1st Serbian League Women"]
[Site "Zlatibor SRB"]
[Date "2007.08.30"]
[Round "10"]
[White "Kovacevic, R."]
[Black "Vojinovic, J."]
[Result "1/2-1/2"]
[WhiteElo "2085"]
[BlackElo "2217"]
[PlyCount "91"]
[EventDate "2007.08.21"]
[Source "www.chesslib.no"]
[SourceDate "2004.05.04"]

1. e4 e6 2. e5 d5 3. exd6 Bxd6 4. d4 Nf6 5. Nf3 c5 6. dxc5 Qa5+ 7. c3 Qxc5 8. Be3 Qc7 9. Nbd2 Nbd7 10. Nd4 a6 11. Nc4 Be7 12. a4 Nd5 13. Bd2 Bf6 14. Qg4 Nc5 15. Qf3 O-O 16. b4 Nxb4 17. cxb4 Bxd4 18. Ra3 Nd7 19. Qe4 e5 20. Bd3 Nf6 21. Qh4 e4 22. O-O Bg4 23. Ne3 exd3 24. Nxg4 Nxg4 25. Qxg4 Rfd8 26. Qf3 Qc2 27. Qf4 Bb2 28. Ra2 Qb3 29. Rxb2 Qxb2 30. h4 Rac8 31. h5 Rc2 32. Rd1 h6 33. Kh2 Rd5 34. g4 Rd4 35. Qf5 Rd8 36. Be3 d2 37. g5 Rc1 38. g6 Rxd1 39. gxf7+ Kh8 40. f8=Q+ Rxf8 41. Qxf8+ Kh7 42. Qf5+ Kg8 43. Qe6+ Kh7 44. Qf5+ Kg8 45. Qe6+ Kh7 46. Qg6+ 1/2-1/2

[Event "CZE-chTJ 0102"]
[Site "?"]
[Date "2001.??.??"]
[Round "4"]
[White "Mindl Josef"]
[Black "Ondrejat Miroslav"]
[Result "1/2-1/2"]
[WhiteElo "2147"]
[BlackElo "2134"]
[PlyCount "55"]
[EventDate "2001.??.??"]
[Source "www.chesslib.no"]
[SourceDate "2004.05.04"]

1. e4 e6 2. e5 d6 3. exd6 cxd6 4. d4 Nf6 5. Nf3 Be7 6. Bd3 b6 7. Qe2 Bb7 8. O-O O-O 9. c4 d5 10. Rd1 Nbd7 11. Nc3 dxc4 12. Bxc4 Nd5 13. Bb3 N7f6 14. Ne5 Rc8 15. Bd2 a6 16. a4 Bb4 17. Rac1 a5 18. h3 Re8 19. Nd3 Bd6 20. Nb5 Bb8 21. Bg5 Rxc1 22. Rxc1 h6 23. Bd2 Nc7 24. Nxc7 Bxc7 25. Ne5 Bb8 26. Be3 Qd6 27. g3 Nd5 28. Qh5 1/2-1/2

[Event "Paks"]
[Site "?"]
[Date "1998.??.??"]
[Round "1"]
[White "Szilagyi Zsolt"]
[Black "Dobcsanyi David"]
[Result "1-0"]
[WhiteElo "2115"]
[BlackElo "2155"]
[PlyCount "117"]
[EventDate "1998.??.??"]
[Source "www.chesslib.no"]
[SourceDate "2004.05.04"]

1. e4 e6 2. e5 c5 3. Nf3 Nc6 4. c3 d5 5. exd6 Bxd6 6. d4 Bd7 7. Be3 Qe7 8. Nbd2 cxd4 9. Ne4 Bc7 10. Nxd4 Nxd4 11. Bxd4 e5 12. Bc5 Qe6 13. Bd6 O-O-O 14. Bxc7 Kxc7 15. Nc5 Qc6 16. Nxd7 Rxd7 17. Qf3 Qxf3 18. gxf3 Ne7 19. Bc4 Ng6 20. Rg1 Rhd8 21. Bb3 Kb6 22. Rd1 Kc5 23. Rxd7 Rxd7 24. Bc2 Kd6 25. Kd2 Ke6+ 26. Ke3 Kf6 27. Bxg6 hxg6 28. Rg4 Rd1 29. Ra4 a6 30. f4 Rd5 31. fxe5+ Kxe5 32. Re4+ Kf6 33. Rf4+ Ke6 34. Re4+ Kf6 35. Rd4 Re5+ 36. Kf3 Re7 37. Rd6+ Ke5 38. Rd1 Kf5 39. Rd5+ Ke6 40. Rd4 Rc7 41. a4 Rc5 42. Ke3 Rf5 43. Rb4 b5 44. c4 bxc4 45. Rxc4 Kd6 46. b4 Rh5 47. Rc8 Rh4 48. f4 g5 49. Ra8 Rxf4 50. Rxa6+ Kc7 51. b5 Kb7 52. a5 Rb4 53. Rb6+ Kc7 54. Rc6+ Kb7 55. a6+ Kb8 56. b6 Ra4 57. b7 Ka7 58. Rc8 Rb4 59. Ra8+ 1-0

[Event "Corr"]
[Site "?"]
[Date "1997.??.??"]
[Round "?"]
[White "Quigley Daniel J"]
[Black "Corti Massimo"]
[Result "0-1"]
[WhiteElo "2115"]
[BlackElo "2140"]
[PlyCount "34"]
[EventDate "1997.??.??"]
[Source "www.chesslib.no"]
[SourceDate "2004.05.04"]

1. e4 e6 2. e5 c5 3. Nc3 d5 4. exd6 Bxd6 5. Qg4 Nf6 6. Qxg7 Rg8 7. Qh6 Nc6 8. g3 Nd4 9. Kd1 Bd7 10. Qh3 Ng4 11. Qg2 Bc6 12. f3 Bxg3 13. hxg3 Nxf3 14. Nxf3 Ne3+ 15. Ke2 Nxg2 16. Bxg2 Rxg3 17. Rh2 Qf6 0-1

[Event "33rd Fortis Open"]
[Site "Guernsey GCI"]
[Date "2007.10.25"]
[Round "5"]
[White "Broek, T."]
[Black "Ippel, C."]
[Result "1-0"]
[WhiteElo "2202"]
[BlackElo "2042"]
[PlyCount "107"]
[EventDate "2007.10.21"]
[Source "www.chesslib.no"]
[SourceDate "2004.05.04"]

1. e4 e6 2. e5 d5 3. exd6 Bxd6 4. d4 Nc6 5. Nf3 Nf6 6. Bb5 Bd7 7. O-O a6 8. Bc4 Ne7 9. Bg5 Ng6 10. Re1 O-O 11. Ne5 Be7 12. Qf3 Nxe5 13. dxe5 Bc6 14. exf6 gxf6 15. Qh5 fxg5 16. Bd3 f5 17. Bc4 Bd5 18. Qe2 Bf6 19. c3 Re8 20. Nd2 Re7 21. Rad1 c6 22. Bd3 b5 23. c4 bxc4 24. Nxc4 Qc7 25. Ne3 Rb8 26. b3 a5 27. Rc1 Qf4 28. Rc2 g4 29. Qd2 Be5 30. g3 Qf3 31. Nxd5 Qxd5 32. Bc4 Qxd2 33. Rxd2 Bc3 34. Rxe6 Rxe6 35. Bxe6+ Kg7 36. Rc2 Kf6 37. Bxf5 Bd4 38. Bxg4 c5 39. Re2 Rb6 40. Bd7 h6 41. Kg2 Rd6 42. Bb5 Bc3 43. f4 Bd4 44. Kf3 Bc3 45. Bc4 Bb4 46. Kg4 Bc3 47. Kh5 Kg7 48. a4 Bd4 49. g4 Bc3 50. Re4 Bd4 51. h4 Bf6 52. g5 Bd8 53. Re8 Kh7 54. g6+ 1-0

[Event "Juvenil op"]
[Site "?"]
[Date "1997.??.??"]
[Round "5"]
[White "Viladrich Claret Jordi"]
[Black "Miret Montane Jordi"]
[Result "1-0"]
[WhiteElo "2065"]
[BlackElo "2155"]
[PlyCount "73"]
[EventDate "1997.??.??"]
[Source "www.chesslib.no"]
[SourceDate "2004.05.04"]

1. e4 e6 2. e5 d5 3. exd6 Bxd6 4. d4 Bd7 5. Be3 Nf6 6. c4 Bc6 7. Nc3 b6 8. Nf3 Nbd7 9. Be2 O-O 10. Qc2 Bb7 11. Rd1 c6 12. h3 Qc7 13. O-O Rfe8 14. a3 Rad8 15. Ne1 e5 16. b4 Nf8 17. Nf3 Ng6 18. Bg5 Be7 19. Be3 Bc8 20. Bd3 exd4 21. Nxd4 Ne5 22. Be2 c5 23. Ndb5 Qb8 24. bxc5 bxc5 25. f4 Ng6 26. Na4 a6 27. Nbc3 Nd7 28. Nd5 Bd6 29. Qd2 Bb7 30. Nac3 Ngf8 31. f5 Ne5 32. Kh1 Qc8 33. f6 g6 34. Ne4 Nxc4 35. Nxd6 Nxd2 36. Nxc8 Rxc8 37. Ne7+ 1-0

[Event "Guernsey op 28th"]
[Site "?"]
[Date "2002.10.25"]
[Round "6"]
[White "Broek Thomas"]
[Black "Plant Paul RJ"]
[Result "1/2-1/2"]
[WhiteElo "2194"]
[BlackElo "2024"]
[PlyCount "60"]
[EventDate "2002.??.??"]
[Source "www.chesslib.no"]
[SourceDate "2004.05.04"]

1. e4 e6 2. e5 d5 3. exd6 Bxd6 4. d4 Nf6 5. Nf3 O-O 6. Bd3 c5 7. dxc5 Bxc5 8. O-O Nc6 9. Bg5 h6 10. Bd2 e5 11. Nc3 Re8 12. Ne4 Nxe4 13. Bxe4 f5 14. Bxc6 bxc6 15. Bc3 Ba6 16. Qxd8 Raxd8 17. Rfd1 Rxd1+ 18. Rxd1 Be2 19. Rd7 Bxf3 20. gxf3 Re7 21. Rxe7 Bxe7 22. Bxe5 Kf7 23. Kf1 g6 24. Ke2 Ke6 25. Bb8 a6 26. Kd3 Kd5 27. c4+ Ke6 28. Bc7 c5 29. a3 Kd7 30. Be5 h5 1/2-1/2

[Event "33rd Fortis Open"]
[Site "Guernsey GCI"]
[Date "2007.10.21"]
[Round "1"]
[White "Broek, T."]
[Black "Jamieson, I."]
[Result "1/2-1/2"]
[WhiteElo "2202"]
[BlackElo "2014"]
[PlyCount "68"]
[EventDate "2007.10.21"]
[Source "www.chesslib.no"]
[SourceDate "2004.05.04"]

1. e4 e6 2. e5 b6 3. d4 d5 4. exd6 cxd6 5. Nf3 Bb7 6. Bd3 Nf6 7. O-O Be7 8. Re1 Nbd7 9. c3 O-O 10. Nbd2 Re8 11. a4 Bf8 12. a5 e5 13. Bc2 e4 14. Ng5 d5 15. c4 h6 16. Nh3 Bd6 17. a6 Bc6 18. cxd5 Bxd5 19. Bb3 Bxb3 20. Qxb3 Rc8 21. Ra4 b5 22. Qxb5 Nb6 23. Ra1 Qc7 24. Nf1 Ng4 25. g3 Re6 26. Bf4 Bxf4 27. Nxf4 Rf6 28. Rxe4 Nxf2 29. Kxf2 g5 30. Re8+ Rxe8 31. Qxe8+ Kg7 32. Qe5 Qc2+ 33. Qe2 Qc7 34. Qe5 Qc2+ 1/2-1/2

[Event "Caorle Open"]
[Site "Caorle ITA"]
[Date "1989.??.??"]
[Round "7"]
[White "Glavan, Slavenko"]
[Black "Cristiani, Cesare"]
[Result "0-1"]
[WhiteElo "2285"]
[BlackElo "1900"]
[PlyCount "104"]
[EventDate "1989.07.??"]
[Source "www.chesslib.no"]
[SourceDate "2004.05.04"]

1. e4 e6 2. e5 d5 3. exd6 cxd6 4. d4 d5 5. Bd3 Nf6 6. Nf3 Nc6 7. c3 Qc7 8. O-O Bd7 9. Re1 h6 10. Nbd2 Be7 11. Nf1 O-O 12. Bd2 Rfe8 13. Rc1 Bd6 14. Bb1 Rac8 15. Ng3 Qb8 16. a3 b5 17. Be3 Na5 18. Ne5 Nc4 19. f4 Re7 20. Qc2 Be8 21. Rcd1 a5 22. Bf2 b4 23. Ng4 Ne4 24. Rxe4 dxe4 25. f5 exf5 26. Nxf5 Re6 27. axb4 axb4 28. d5 Rg6 29. Qxe4 Bd7 30. h3 Nxb2 31. Rf1 bxc3 32. Nh4 Rc4 33. Qe2 Rg5 34. Qc2 f5 35. Ne3 Ba4 36. Qe2 Rf4 37. Nexf5 Bd7 38. Nxd6 Qxd6 39. Qc2 Bxh3 40. Qh7+ Kf7 41. Be3 Rxf1+ 42. Kxf1 Qf6+ 43. Bf2 Bd7 44. Nf3 Bb5+ 45. Ke1 Rxd5 46. Be3 Rd1+ 47. Kf2 Nd3+ 48. Bxd3 Bxd3 49. Qh8 Rf1+ 50. Kg3 Qg6+ 51. Kh2 Qd6+ 52. Kh3 Bf5+ 0-1

[Event "Montpellier op-B"]
[Site "?"]
[Date "1999.??.??"]
[Round "7"]
[White "Brunner Nicolas"]
[Black "Amadou David"]
[Result "1-0"]
[WhiteElo "2016"]
[BlackElo "2157"]
[PlyCount "61"]
[EventDate "1999.??.??"]
[Source "www.chesslib.no"]
[SourceDate "2004.05.04"]

1. e4 e6 2. e5 d5 3. exd6 Bxd6 4. d4 Nf6 5. Bd3 O-O 6. Bg5 c5 7. dxc5 Bxc5 8. Qf3 Qa5+ 9. Bd2 Qb6 10. Nc3 Bd7 11. Nh3 Re8 12. O-O e5 13. Ng5 Bg4 14. Bxh7+ Nxh7 15. Qxf7+ Kh8 16. Qxe8+ Nf8 17. Na4 Qc7 18. Nxc5 Qxc5 19. Be3 Qc8 20. Qxc8 Bxc8 21. Nf7+ Kg8 22. Nxe5 Nbd7 23. Nxd7 Bxd7 24. c4 Rc8 25. Rac1 a6 26. Rfd1 Kf7 27. b3 Be6 28. Rd6 Nd7 29. Rcd1 Ne5 30. Rb6 Rc7 31. Bf4 1-0

[Event "Debrecen DEAC op"]
[Site "?"]
[Date "2002.10.20"]
[Round "7.9"]
[White "Kelemen Imre"]
[Black "Orosz Laszlo"]
[Result "0-1"]
[WhiteElo "2204"]
[BlackElo "1964"]
[PlyCount "86"]
[EventDate "2002.??.??"]
[Source "www.chesslib.no"]
[SourceDate "2004.05.04"]

1. e4 e6 2. e5 d6 3. Nf3 Nc6 4. exd6 Bxd6 5. d4 Nf6 6. Bb5 Bd7 7. O-O a6 8. Ba4 O-O 9. c3 h6 10. Qd3 Ne7 11. Bc2 Bc6 12. Rd1 Be4 13. Qe2 Bxc2 14. Qxc2 Qc8 15. Nbd2 b5 16. a4 c5 17. Ne4 Nxe4 18. Qxe4 Nd5 19. dxc5 Bxc5 20. Ne5 Bd6 21. axb5 axb5 22. Rxa8 Qxa8 23. Ng4 Rd8 24. g3 Bf8 25. Qd3 Nf4 26. Bxf4 Rxd3 27. Rxd3 Be7 28. b4 g5 29. Be3 Qe4 30. Rd4 Qb1+ 31. Kg2 Kg7 32. h3 h5 33. Nh2 Bf6 34. Rd7 Qe4+ 35. Kg1 Bxc3 36. Bxg5 Bxb4 37. g4 Bc5 38. Rd1 Kg6 39. Bh4 hxg4 40. hxg4 b4 41. Bg3 Bd4 42. g5 b3 43. Nf1 b2 0-1

[Event "France"]
[Site "?"]
[Date "2003.11.15"]
[Round "2.7"]
[White "Ratel Laurent"]
[Black "Larcheveque Francois"]
[Result "1/2-1/2"]
[WhiteElo "2091"]
[BlackElo "2076"]
[PlyCount "67"]
[EventDate "2003.??.??"]
[Source "www.chesslib.no"]
[SourceDate "2004.05.04"]

1. e4 e6 2. e5 d5 3. exd6 cxd6 4. Nc3 d5 5. Bb5+ Bd7 6. Bxd7+ Nxd7 7. Qe2 Ngf6 8. d3 Bd6 9. Bg5 O-O 10. h4 Qb6 11. Nd1 d4 12. Nf3 e5 13. Bxf6 Nxf6 14. O-O Rae8 15. Nd2 Nd5 16. a3 f5 17. g3 Kh8 18. c4 Nf6 19. b4 Bb8 20. Nb2 e4 21. dxe4 fxe4 22. c5 Qe6 23. Kg2 e3 24. fxe3 Ng4 25. Ndc4 Nxe3+ 26. Nxe3 dxe3 27. Nd3 Qc6+ 28. Kh2 Qh6 29. Kg2 Qc6+ 30. Kh3 Qe4 31. Rae1 Qe6+ 32. Kg2 Qe4+ 33. Kh3 Rxf1 34. Qxf1 1/2-1/2

[Event "Svetla nad Sazavou"]
[Site "?"]
[Date "1999.??.??"]
[Round "3"]
[White "Bernasek Jan"]
[Black "Plasgura Petr"]
[Result "1-0"]
[WhiteElo "2130"]
[BlackElo "2019"]
[PlyCount "83"]
[EventDate "1999.??.??"]
[Source "www.chesslib.no"]
[SourceDate "2004.05.04"]

1. e4 e6 2. e5 d5 3. exd6 Bxd6 4. d4 h6 5. c4 Nf6 6. Nf3 c5 7. Nc3 cxd4 8. Nxd4 a6 9. Be2 O-O 10. Be3 e5 11. Nb3 Qe7 12. c5 Bc7 13. Qc2 Nc6 14. a3 Be6 15. O-O-O Rfd8 16. Bf3 e4 17. Be2 Nd5 18. Nxd5 Bxd5 19. Nd4 Nxd4 20. Rxd4 Be5 21. Rd2 Qe6 22. Kb1 Bb3 23. Qc1 Ba2+ 24. Ka1 Qb3 25. Qd1 Qxa3 26. Rxd8+ Rxd8 27. Qxd8+ Kh7 28. Bd4 Qa4 29. Bxe5 Bb3+ 30. Kb1 Qa2+ 31. Kc1 Qa1+ 32. Kd2 Qxh1 33. Qb6 Bd5 34. Qd6 Qxg2 35. Bg3 Bc6 36. Qf4 Qg1 37. Qxf7 Qa1 38. Qf5+ Kh8 39. Be5 Qa5+ 40. Bc3 Qc7 41. Qf8+ Kh7 42. Bg4 1-0